[Event "MSRCH16"]
[Site "?"]
[Date "2026.04.14"]
[Round "6.12"]
[White "Bernard, Matthias"]
[Black "Livnansky, Michal"]
[Result "0-1"]
[BlackElo "1910"]
[WhiteElo "1696"]
[LiveChessVersion "1.4.8"]

1. e4 {[%clk 1:30:58]} c5 {[%clk 1:30:59]} 2. Nc3 {[%clk 1:31:23]} Nc6
{[%clk 1:31:24]} 3. g3 {[%clk 1:31:28]} g6 {[%clk 1:31:42]} 4. Bg2
{[%clk 1:31:49]} Bg7 {[%clk 1:31:58]} 5. f4 {[%clk 1:32:05]} e6 {[%clk 1:32:16]}
6. d3 {[%clk 1:31:04]} Nge7 {[%clk 1:32:41]} 7. Nf3 {[%clk 1:29:24]} O-O
{[%clk 1:32:33]} 8. Be3 {[%clk 1:25:30]} Nd4 {[%clk 1:32:35]} 9. O-O
{[%clk 1:22:14]} Nec6 {[%clk 1:32:07]} 10. h3 {[%clk 1:15:14]} d6
{[%clk 1:31:40]} 11. Rb1 {[%clk 1:10:48]} b5 {[%clk 1:24:36]} 12. Ne2
{[%clk 1:01:21]} Qa5 {[%clk 1:21:25]} 13. a3 {[%clk 0:57:23]} Rb8
{[%clk 1:17:06]} 14. g4 {[%clk 0:51:42]} f5 {[%clk 1:16:46]} 15. Re1
{[%clk 0:41:23]} Bd7 {[%clk 1:11:31]} 16. Ng3 {[%clk 0:37:04]} Qa4
{[%clk 1:02:29]} 17. Rc1 {[%clk 0:31:58]} Nxf3+ {[%clk 1:02:00]} 18. Bxf3
{[%clk 0:30:48]} Bxb2 {[%clk 0:57:55]} 19. Rb1 {[%clk 0:30:26]} Qxa3
{[%clk 0:57:54]} 20. Kh1 {[%clk 0:23:34]} fxg4 {[%clk 0:50:21]} 21. Bxg4
{[%clk 0:22:18]} Bg7 22. Qe2 {[%clk 0:19:51]} Nd4 {[%clk 0:42:40]} 23. Rf1
{[%clk 0:16:14]} Nxe2 {[%clk 0:42:49]} 24. Bxe2 {[%clk 0:12:52]} Qc3
{[%clk 0:42:22]} 25. Rbc1 {[%clk 0:12:37]} Bc6 {[%clk 0:41:42]} 26. h4
{[%clk 0:12:19]} d5 {[%clk 0:41:31]} 27. exd5 {[%clk 0:11:29]} Bxd5+
{[%clk 0:41:43]} 28. Kh2 {[%clk 0:11:04]} Bd4 {[%clk 0:41:21]} 0-1

[Event "MSRCH16"]
[Site "?"]
[Date "2026.04.14"]
[Round "6.13"]
[White "Sykora, Miro"]
[Black "Binovec, Lukas"]
[Result "1/2-1/2"]
[BlackElo "1858"]
[WhiteElo "1671"]
[LiveChessVersion "1.4.8"]

1. e4 {[%clk 1:30:57]} c5 {[%clk 1:30:57]} 2. Nf3 {[%clk 1:31:21]} e6
{[%clk 1:31:21]} 3. d4 {[%clk 1:30:32]} cxd4 {[%clk 1:31:47]} 4. Nxd4
{[%clk 1:30:42]} Bc5 {[%clk 1:32:10]} 5. Nb3 {[%clk 1:29:08]} Bb6
{[%clk 1:32:35]} 6. Nc3 {[%clk 1:28:46]} Nc6 {[%clk 1:32:59]} 7. Bf4
{[%clk 1:20:01]} a6 {[%clk 1:24:20]} 8. Bc4 {[%clk 1:16:23]} Nge7
{[%clk 1:20:10]} 9. O-O {[%clk 1:12:50]} O-O {[%clk 1:18:21]} 10. Qe2
{[%clk 1:10:29]} Bc7 {[%clk 1:03:25]} 11. Bxc7 {[%clk 1:05:24]} Qxc7
{[%clk 1:03:04]} 12. a4 {[%clk 1:01:06]} Nb4 {[%clk 0:53:19]} 13. Bd3
{[%clk 0:49:05]} d5 {[%clk 0:45:48]} 14. Rfe1 {[%clk 0:45:45]} Bd7
{[%clk 0:37:35]} 15. exd5 {[%clk 0:44:03]} Nexd5 {[%clk 0:35:13]} 16. Nxd5
{[%clk 0:43:26]} Nxd5 {[%clk 0:35:19]} 17. Qe4 {[%clk 0:41:49]} Nf6
{[%clk 0:26:33]} 18. Qe5 {[%clk 0:41:13]} Rac8 {[%clk 0:21:44]} 19. Qxc7
{[%clk 0:40:50]} Rxc7 {[%clk 0:22:06]} 20. a5 {[%clk 0:40:53]} Nd5
{[%clk 0:19:25]} 21. c3 {[%clk 0:40:17]} Nxc3 {[%clk 0:13:27]} 22. bxc3
{[%clk 0:39:21]} Rxc3 {[%clk 0:13:47]} 23. Nc1 {[%clk 0:39:33]} Rfc8
{[%clk 0:13:31]} 24. Be4 {[%clk 0:38:01]} Bc6 {[%clk 0:10:27]} 25. Bxc6
{[%clk 0:37:50]} R8xc6 {[%clk 0:10:42]} 26. g3 {[%clk 0:36:27]} g6
{[%clk 0:10:46]} 27. Ne2 {[%clk 0:36:11]} R3c5 {[%clk 0:07:12]} 28. Reb1
{[%clk 0:34:09]} Re5 {[%clk 0:05:04]} 29. Ra2 {[%clk 0:28:40]} Rcc5
{[%clk 0:04:18]} 30. Rxb7 {[%clk 0:27:41]} Rxa5 {[%clk 0:04:39]} 31. Rxa5
{[%clk 0:26:15]} Rxa5 {[%clk 0:05:05]} 32. Nc3 {[%clk 0:24:57]} Ra3
{[%clk 0:04:10]} 33. Rc7 {[%clk 0:24:27]} a5 {[%clk 0:04:06]} 34. Rc4
{[%clk 0:24:40]} Kg7 {[%clk 0:04:06]} 35. Kg2 {[%clk 0:23:54]} g5
{[%clk 0:02:58]} 36. Kf1 {[%clk 0:23:37]} Kg6 {[%clk 0:02:24]} 37. Ke2
{[%clk 0:23:33]} Ra1 {[%clk 0:02:07]} 38. Ra4 {[%clk 0:21:16]} Rxa4
{[%clk 0:01:03]} 39. Nxa4 {[%clk 0:21:45]} Kf5 {[%clk 0:01:16]} 40. h3
{[%clk 0:13:20]} h5 {[%clk 0:01:05]} 41. Ke3 {[%clk 0:01:39]} h4 {[%clk 0:09:54]}
42. g4+ {[%clk 0:26:12]} Kg6 {[%clk 0:09:28]} 43. Kd4 {[%clk 0:19:36]} f5
{[%clk 0:07:36]} 44. f3 {[%clk 0:19:42]} Kf6 {[%clk 0:03:24]} 45. Nc5
{[%clk 0:19:50]} e5+ {[%clk 0:01:49]} 46. Kd5 {[%clk 0:20:05]} a4
{[%clk 0:01:37]} 47. Nxa4 {[%clk 0:20:16]} e4 {[%clk 0:01:52]} 48. fxe4
{[%clk 0:20:13]} fxg4 {[%clk 0:02:13]} 49. Kd6 {[%clk 0:16:48]} gxh3
{[%clk 0:01:50]} 50. e5+ {[%clk 0:17:05]} Kf5 {[%clk 0:01:00]} 51. e6
{[%clk 0:17:14]} h2 {[%clk 0:01:26]} 52. e7 {[%clk 0:17:38]} h1=Q
{[%clk 0:01:51]} 53. e8=Q {[%clk 0:18:05]} Qd1+ {[%clk 0:02:01]} 54. Kc5
{[%clk 0:16:52]} Qc2+ {[%clk 0:01:53]} 55. Kd4 {[%clk 0:15:23]} Qf2+
{[%clk 0:01:34]} 56. Kd5 {[%clk 0:15:19]} Qf3+ {[%clk 0:01:39]} 57. Kd4
{[%clk 0:15:11]} Qf4+ {[%clk 0:01:39]} 58. Kd5 {[%clk 0:15:02]} Qd2+
{[%clk 0:01:20]} 59. Kc5 {[%clk 0:14:45]} Qf2+ {[%clk 0:01:20]} 60. Kd5
{[%clk 0:14:56]} Qf3+ {[%clk 0:01:28]} 61. Kd4 {[%clk 0:14:56]} Qf4+
{[%clk 0:01:35]} 62. Kd5 {[%clk 0:15:13]} Kg4 {[%clk 0:00:56]} 63. Nc3
{[%clk 0:10:53]} Qf5+ {[%clk 0:00:44]} 64. Kd4 {[%clk 0:10:35]} Qf6+
{[%clk 0:00:56]} 65. Kd3 {[%clk 0:10:40]} Qf3+ {[%clk 0:00:43]} 66. Kd4
{[%clk 0:10:26]} Kh3 {[%clk 0:00:43]} 67. Ne4 {[%clk 0:08:09]} Qd1+
{[%clk 0:00:58]} 68. Ke3 {[%clk 0:07:06]} Qd5 1/2-1/2

[Event "MSRCH16"]
[Site "?"]
[Date "2026.04.14"]
[Round "6.15"]
[White "Slivka, Martin"]
[Black "Hudak, Michal"]
[Result "0-1"]
[BlackElo "1804"]
[WhiteElo "1657"]
[LiveChessVersion "1.4.8"]

1. d4 {[%clk 1:30:58]} Nf6 {[%clk 1:30:51]} 2. c4 {[%clk 1:31:23]} c5
{[%clk 1:31:04]} 3. d5 {[%clk 1:31:27]} e6 {[%clk 1:31:19]} 4. Nc3
{[%clk 1:31:29]} exd5 {[%clk 1:30:33]} 5. cxd5 {[%clk 1:31:50]} d6
{[%clk 1:30:48]} 6. Nf3 {[%clk 1:30:53]} g6 {[%clk 1:30:13]} 7. Nd2
{[%clk 1:30:33]} Bg7 {[%clk 1:30:04]} 8. e4 {[%clk 1:30:47]} O-O {[%clk 1:30:05]}
9. Be2 {[%clk 1:30:09]} Re8 {[%clk 1:28:32]} 10. f3 {[%clk 1:29:47]} Na6
{[%clk 1:22:45]} 11. O-O {[%clk 1:23:47]} Nc7 {[%clk 1:21:38]} 12. Qc2
{[%clk 1:22:33]} b6 {[%clk 1:17:25]} 13. b3 {[%clk 1:11:43]} Ba6 {[%clk 1:12:33]}
14. Bb2 {[%clk 1:00:41]} Bxe2 {[%clk 1:08:46]} 15. Nxe2 {[%clk 1:01:05]} Ncxd5
{[%clk 1:07:51]} 16. Nc4 {[%clk 0:43:08]} Nb4 {[%clk 1:06:41]} 17. Qd2
{[%clk 0:40:12]} d5 {[%clk 0:55:25]} 18. exd5 {[%clk 0:33:26]} Qxd5
{[%clk 0:51:44]} 19. Qxd5 {[%clk 0:30:10]} Nfxd5 {[%clk 0:51:51]} 20. Bxg7
{[%clk 0:30:22]} Rxe2 {[%clk 0:47:39]} 21. Bh6 {[%clk 0:24:33]} Rxa2
{[%clk 0:24:11]} 22. Rxa2 {[%clk 0:17:19]} Nxa2 {[%clk 0:24:39]} 23. Kf2
{[%clk 0:17:09]} Nab4 {[%clk 0:22:59]} 24. Ra1 {[%clk 0:11:37]} a6
{[%clk 0:20:05]} 25. Bd2 {[%clk 0:09:25]} Nc2 {[%clk 0:16:52]} 26. Rb1
{[%clk 0:08:05]} Re8 {[%clk 0:11:28]} 27. Rb2 {[%clk 0:05:09]} Nd4
{[%clk 0:10:30]} 28. Be3 {[%clk 0:04:09]} Nxe3 {[%clk 0:06:44]} 29. Nxe3
{[%clk 0:04:37]} b5 {[%clk 0:04:40]} 30. Rb1 {[%clk 0:01:15]} a5 {[%clk 0:04:17]}
31. Rb2 {[%clk 0:01:05]} f5 {[%clk 0:03:16]} 32. Nd5 {[%clk 0:00:34]} Kf7
{[%clk 0:03:30]} 33. f4 {[%clk 0:00:33]} Rd8 {[%clk 0:02:23]} 34. Ne3
{[%clk 0:00:32]} Ke6 {[%clk 0:02:17]} 35. Ke1 {[%clk 0:00:32]} h6
{[%clk 0:02:14]} 36. Rb1 {[%clk 0:00:32]} g5 {[%clk 0:02:24]} 37. g3
{[%clk 0:00:50]} g4 {[%clk 0:01:53]} 38. Rb2 {[%clk 0:00:33]} Nf3+
{[%clk 0:02:03]} 39. Kf1 {[%clk 0:00:32]} Rd2 {[%clk 0:02:13]} 40. Rxd2
{[%clk 0:00:31]} Nxd2+ {[%clk 0:02:41]} 41. Ke2 {[%clk 0:00:56]} Nxb3
{[%clk 0:03:06]} 42. Kd3 {[%clk 0:00:36]} Nd4 {[%clk 0:01:06]} 0-1

[Event "MSRCH16"]
[Site "?"]
[Date "2026.04.14"]
[Round "6.16"]
[White "Bebko, Alex"]
[Black "Brand, Filip"]
[Result "0-1"]
[BlackElo "1777"]
[WhiteElo "1641"]
[LiveChessVersion "1.4.8"]

1. e4 {[%clk 1:30:58]} e6 {[%clk 1:30:33]} 2. Nf3 {[%clk 1:31:14]} d5
{[%clk 1:30:49]} 3. Nc3 {[%clk 1:31:28]} c5 {[%clk 1:28:50]} 4. Bb5+
{[%clk 1:30:22]} Nc6 {[%clk 1:24:18]} 5. exd5 {[%clk 1:29:55]} exd5
{[%clk 1:24:15]} 6. d4 {[%clk 1:29:36]} Nf6 {[%clk 1:19:58]} 7. Bg5
{[%clk 1:25:44]} a6 {[%clk 0:56:58]} 8. Be2 {[%clk 1:06:20]} Be7 {[%clk 0:54:38]}
9. O-O {[%clk 0:56:22]} Be6 {[%clk 0:52:50]} 10. dxc5 {[%clk 0:50:20]} Bxc5
{[%clk 0:45:48]} 11. Bd3 {[%clk 0:44:47]} O-O {[%clk 0:43:28]} 12. a3
{[%clk 0:42:04]} b5 {[%clk 0:39:14]} 13. Re1 {[%clk 0:40:33]} Qb6
{[%clk 0:38:38]} 14. Bxf6 {[%clk 0:33:43]} Bxf2+ {[%clk 0:34:23]} 15. Kh1
{[%clk 0:33:12]} Bxe1 {[%clk 0:18:39]} 16. Qxe1 {[%clk 0:32:03]} gxf6
{[%clk 0:19:02]} 17. Qh4 {[%clk 0:31:51]} Rfe8 {[%clk 0:15:25]} 18. Bxh7+
{[%clk 0:26:05]} Kg7 {[%clk 0:15:18]} 19. Re1 {[%clk 0:11:43]} Rh8
{[%clk 0:14:21]} 20. Ng5 {[%clk 0:11:22]} fxg5 {[%clk 0:10:55]} 21. Qxg5+
{[%clk 0:11:46]} Kf8 {[%clk 0:09:05]} 22. Qh6+ {[%clk 0:10:59]} Ke8
{[%clk 0:09:25]} 23. Rxe6+ {[%clk 0:08:34]} fxe6 {[%clk 0:08:20]} 24. Qxe6+
{[%clk 0:08:47]} Kd8 {[%clk 0:08:15]} 25. Qf6+ {[%clk 0:08:53]} Kc8
{[%clk 0:04:33]} 26. Qxh8+ {[%clk 0:06:30]} Kb7 {[%clk 0:04:50]} 27. Qg7+
{[%clk 0:05:36]} Qc7 {[%clk 0:05:11]} 28. Qxc7+ {[%clk 0:04:01]} Kxc7
{[%clk 0:05:34]} 29. Nxd5+ {[%clk 0:04:30]} Kd6 {[%clk 0:05:51]} 30. Nc3
{[%clk 0:04:22]} Na5 {[%clk 0:05:20]} 31. b3 {[%clk 0:03:12]} Rc8
{[%clk 0:05:30]} 32. Ne2 {[%clk 0:03:20]} Nc6 {[%clk 0:03:10]} 33. g4
{[%clk 0:02:08]} Ne5 {[%clk 0:03:24]} 34. Bf5 {[%clk 0:02:16]} Re8
{[%clk 0:01:48]} 35. Kg2 {[%clk 0:01:51]} Nc4 {[%clk 0:01:36]} 36. Bd3
{[%clk 0:01:47]} Nb2 {[%clk 0:00:33]} 37. Nf4 {[%clk 0:00:57]} Nxd3
{[%clk 0:00:46]} 38. Nxd3 {[%clk 0:01:26]} Re2+ {[%clk 0:01:05]} 39. Kg3
{[%clk 0:01:10]} Rxc2 {[%clk 0:01:22]} 40. Kf3 {[%clk 0:00:37]} Rxh2
{[%clk 0:01:11]} 41. Ke3 {[%clk 0:29:24]} Rh3+ {[%clk 0:30:52]} 42. Kd2
{[%clk 0:24:56]} Rg3 {[%clk 0:30:18]} 43. Kc2 {[%clk 0:21:04]} Rxg4
{[%clk 0:30:01]} 44. Nb4 {[%clk 0:18:09]} a5 {[%clk 0:29:33]} 45. Nd3
{[%clk 0:18:28]} Kd5 {[%clk 0:29:12]} 46. b4 {[%clk 0:16:46]} a4 {[%clk 0:29:21]}
47. Nb2 {[%clk 0:15:48]} Rg2+ {[%clk 0:28:37]} 48. Kc3 {[%clk 0:16:08]} Rxb2
{[%clk 0:29:02]} 49. Kxb2 {[%clk 0:16:32]} Kd4 {[%clk 0:29:28]} 0-1

[Event "MSRCH16"]
[Site "?"]
[Date "2026.04.14"]
[Round "6.17"]
[White "Kriscak, Simon"]
[Black "Chmurny, Richard"]
[Result "0-1"]
[BlackElo "1734"]
[WhiteElo "1773"]
[LiveChessVersion "1.4.8"]

1. e4 {[%clk 1:30:57]} c5 {[%clk 1:30:54]} 2. c3 {[%clk 1:31:25]} d5
{[%clk 1:31:10]} 3. exd5 {[%clk 1:31:50]} Qxd5 {[%clk 1:31:33]} 4. d4
{[%clk 1:32:17]} Nc6 {[%clk 1:31:43]} 5. Nf3 {[%clk 1:32:38]} Bg4
{[%clk 1:31:44]} 6. Be2 {[%clk 1:32:51]} e6 {[%clk 1:30:30]} 7. Be3
{[%clk 1:32:27]} cxd4 {[%clk 1:26:32]} 8. cxd4 {[%clk 1:32:26]} Nf6
{[%clk 1:21:44]} 9. Nc3 {[%clk 1:21:59]} Qd6 {[%clk 1:20:57]} 10. O-O
{[%clk 1:22:06]} Be7 {[%clk 1:21:04]} 11. h3 {[%clk 1:22:17]} Bh5
{[%clk 1:19:26]} 12. Qb3 {[%clk 1:22:22]} O-O {[%clk 1:17:29]} 13. a3
{[%clk 1:21:57]} Rfd8 {[%clk 1:10:50]} 14. Rfd1 {[%clk 1:20:32]} Nd5
{[%clk 1:08:58]} 15. Rac1 {[%clk 1:12:00]} Bf6 {[%clk 1:07:23]} 16. Nxd5
{[%clk 1:07:13]} Qxd5 {[%clk 1:05:48]} 17. Qxb7 {[%clk 0:59:58]} Nxd4
{[%clk 1:04:11]} 18. Qxd5 {[%clk 0:57:12]} Nxe2+ {[%clk 1:04:35]} 19. Kf1
{[%clk 0:57:38]} exd5 {[%clk 1:04:28]} 20. Kxe2 {[%clk 0:57:43]} Bxb2
{[%clk 1:03:35]} 21. Rc5 {[%clk 0:57:32]} Bxf3+ {[%clk 0:42:30]} 22. Kxf3
{[%clk 0:56:15]} d4 {[%clk 0:42:33]} 23. Bc1 {[%clk 0:56:10]} Rab8
{[%clk 0:42:13]} 24. Bxb2 {[%clk 0:51:14]} Rxb2 {[%clk 0:42:24]} 25. Rd3
{[%clk 0:38:02]} g6 {[%clk 0:39:30]} 26. Rc4 {[%clk 0:37:11]} Rd6
{[%clk 0:39:25]} 27. Kg3 {[%clk 0:35:44]} Ra2 {[%clk 0:39:26]} 28. a4
{[%clk 0:36:04]} Rf6 {[%clk 0:37:57]} 29. f4 {[%clk 0:35:27]} Re6
{[%clk 0:37:33]} 30. Kf3 {[%clk 0:35:10]} Re3+ {[%clk 0:24:58]} 31. Rxe3
{[%clk 0:32:55]} dxe3 {[%clk 0:25:20]} 32. Kxe3 {[%clk 0:33:12]} Rxg2
{[%clk 0:25:45]} 33. Kf3 {[%clk 0:33:20]} Rh2 {[%clk 0:26:00]} 34. Kg3
{[%clk 0:33:34]} Ra2 {[%clk 0:26:24]} 35. Kg4 {[%clk 0:32:42]} h5+
{[%clk 0:26:33]} 36. Kg3 {[%clk 0:32:20]} Kg7 {[%clk 0:26:29]} 37. Rd4
{[%clk 0:32:05]} Kf8 {[%clk 0:25:40]} 38. Re4 {[%clk 0:32:06]} Kg7
{[%clk 0:24:22]} 39. Rd4 {[%clk 0:31:51]} Kh6 {[%clk 0:24:47]} 40. f5
{[%clk 0:26:10]} Ra3+ {[%clk 0:23:18]} 41. Kg2 {[%clk 0:26:24]} f6
{[%clk 0:23:06]} 42. fxg6 {[%clk 0:25:01]} Kxg6 {[%clk 0:14:02]} 43. Rc4
{[%clk 0:25:07]} f5 {[%clk 0:12:56]} 44. h4 {[%clk 0:20:38]} Kf6 {[%clk 0:11:44]}
45. Rc6+ {[%clk 0:20:51]} Ke5 {[%clk 0:11:32]} 46. Ra6 {[%clk 0:21:13]} Kf4
{[%clk 0:11:50]} 47. Rxa7 {[%clk 0:21:12]} Kg4 {[%clk 0:12:14]} 48. a5
{[%clk 0:19:38]} Kxh4 {[%clk 0:12:40]} 49. a6 {[%clk 0:20:02]} Rg3+
{[%clk 0:12:29]} 50. Kf2 {[%clk 0:20:14]} Rg6 {[%clk 0:11:53]} 51. Rf7
{[%clk 0:19:55]} Kg4 {[%clk 0:11:17]} 52. a7 {[%clk 0:19:51]} Ra6
{[%clk 0:11:38]} 53. Rg7+ {[%clk 0:19:42]} Kf4 {[%clk 0:11:52]} 54. Rh7
{[%clk 0:19:44]} Ra2+ {[%clk 0:12:17]} 55. Kf1 {[%clk 0:19:51]} Kf3
{[%clk 0:12:24]} 56. a8=Q+ {[%clk 0:20:02]} Rxa8 {[%clk 0:12:30]} 57. Kg1
{[%clk 0:20:09]} h4 {[%clk 0:12:14]} 58. Kh2 {[%clk 0:19:45]} Ra4
{[%clk 0:11:19]} 59. Kh3 {[%clk 0:19:24]} Ra1 {[%clk 0:08:20]} 60. Kh2
{[%clk 0:19:27]} Ra4 {[%clk 0:07:55]} 61. Kh3 {[%clk 0:19:37]} Rb4
{[%clk 0:07:10]} 62. Rf7 {[%clk 0:19:35]} Rf4 {[%clk 0:07:15]} 63. Rf8
{[%clk 0:19:42]} Ke3 {[%clk 0:04:38]} 64. Re8+ {[%clk 0:16:55]} Kf2
{[%clk 0:04:12]} 65. Rb8 {[%clk 0:16:33]} Ke3 {[%clk 0:04:21]} 66. Re8+
{[%clk 0:16:47]} Re4 {[%clk 0:02:38]} 67. Rf8 {[%clk 0:16:42]} f4
{[%clk 0:02:48]} 68. Kxh4 {[%clk 0:16:53]} Re6 {[%clk 0:03:12]} 69. Kg4
{[%clk 0:16:30]} Rg6+ {[%clk 0:03:38]} 70. Kf5 {[%clk 0:16:52]} Rg7
{[%clk 0:03:10]} 71. Ra8 {[%clk 0:15:25]} f3 {[%clk 0:03:01]} 72. Ra3+
{[%clk 0:15:22]} Kf2 {[%clk 0:02:34]} 73. Kf4 {[%clk 0:15:37]} Rf7+
{[%clk 0:03:00]} 74. Kg4 {[%clk 0:15:59]} Kg2 {[%clk 0:03:26]} 75. Rd3
{[%clk 0:15:44]} f2 {[%clk 0:03:30]} 76. Rg3+ {[%clk 0:16:01]} Kf1
{[%clk 0:03:50]} 77. Re3 {[%clk 0:15:52]} Rg7+ {[%clk 0:03:54]} 78. Kh3
{[%clk 0:15:13]} Kg1 {[%clk 0:04:17]} 79. Re1+ {[%clk 0:14:27]} fxe1=R
{[%clk 0:04:34]} 80. Kh4 {[%clk 0:14:33]} Re2 {[%clk 0:05:00]} 0-1

[Event "MSRCH16"]
[Site "?"]
[Date "2026.04.14"]
[Round "6.18"]
[White "Tirko, Martin"]
[Black "Simonov, Tobias"]
[Result "0-1"]
[BlackElo "1708"]
[WhiteElo "1766"]
[LiveChessVersion "1.4.8"]

1. e4 {[%clk 1:30:59]} e6 {[%clk 1:30:56]} 2. Nf3 {[%clk 1:31:24]} d5
{[%clk 1:31:16]} 3. e5 {[%clk 1:31:53]} c5 {[%clk 1:31:14]} 4. b4
{[%clk 1:31:32]} cxb4 {[%clk 1:29:31]} 5. d4 {[%clk 1:31:42]} Bd7
{[%clk 1:28:38]} 6. a3 {[%clk 1:31:58]} Nc6 {[%clk 1:28:24]} 7. axb4
{[%clk 1:32:15]} Bxb4+ {[%clk 1:27:17]} 8. c3 {[%clk 1:32:32]} Ba5
{[%clk 1:27:06]} 9. Bd3 {[%clk 1:32:44]} Rc8 {[%clk 1:22:50]} 10. O-O
{[%clk 1:29:36]} h6 {[%clk 1:18:13]} 11. h4 {[%clk 1:23:24]} Nge7
{[%clk 1:16:12]} 12. h5 {[%clk 1:13:14]} a6 {[%clk 1:14:51]} 13. Ba3
{[%clk 1:10:24]} b5 {[%clk 1:10:52]} 14. Bc5 {[%clk 1:07:34]} O-O
{[%clk 1:10:09]} 15. Nh4 {[%clk 1:01:25]} Bb6 {[%clk 1:04:41]} 16. Bxe7
{[%clk 1:00:51]} Qxe7 {[%clk 1:04:45]} 17. Rxa6 {[%clk 1:01:12]} Bxd4
{[%clk 1:04:05]} 18. cxd4 {[%clk 1:01:12]} Qxh4 {[%clk 1:04:19]} 19. Bxb5
{[%clk 0:59:17]} Nb8 {[%clk 1:01:44]} 20. Bxd7 {[%clk 0:58:50]} Nxd7
{[%clk 1:01:43]} 21. Rd6 {[%clk 0:58:26]} Rfd8 {[%clk 0:49:41]} 22. Na3
{[%clk 0:57:12]} Qe7 {[%clk 0:37:31]} 23. Nb5 {[%clk 0:53:27]} Nf8
{[%clk 0:33:49]} 24. Rxd8 {[%clk 0:51:55]} Rxd8 {[%clk 0:33:45]} 25. Qf3
{[%clk 0:51:15]} Nh7 {[%clk 0:32:43]} 26. Rc1 {[%clk 0:51:18]} Ng5
{[%clk 0:31:00]} 27. Qd3 {[%clk 0:47:46]} Ne4 {[%clk 0:21:39]} 28. g3
{[%clk 0:25:46]} Qg5 {[%clk 0:21:08]} 29. Rc2 {[%clk 0:25:24]} Qxh5
{[%clk 0:19:40]} 30. Nd6 {[%clk 0:24:00]} Qg6 {[%clk 0:18:53]} 31. Rc8
{[%clk 0:15:40]} Rxc8 {[%clk 0:15:38]} 32. Nxc8 {[%clk 0:16:03]} Qg5
{[%clk 0:15:32]} 33. Nd6 {[%clk 0:15:27]} Qc1+ {[%clk 0:15:24]} 34. Kg2
{[%clk 0:15:53]} Qh1+ {[%clk 0:15:23]} 35. Kxh1 {[%clk 0:16:12]} Nxf2+
{[%clk 0:15:45]} 36. Kg2 {[%clk 0:16:40]} Nxd3 {[%clk 0:16:05]} 37. Kf3
{[%clk 0:16:24]} Nb4 {[%clk 0:14:14]} 38. Ke3 {[%clk 0:16:29]} Nc6
{[%clk 0:12:03]} 39. g4 {[%clk 0:16:33]} f6 0-1

[Event "MSRCH16"]
[Site "?"]
[Date "2026.04.14"]
[Round "6.19"]
[White "Sekerak, Filip"]
[Black "Artner, Jakub"]
[Result "1-0"]
[BlackElo "1629"]
[WhiteElo "1764"]
[LiveChessVersion "1.4.8"]

1. e4 {[%clk 1:30:59]} e6 {[%clk 1:30:55]} 2. d4 {[%clk 1:31:28]} d5
{[%clk 1:31:21]} 3. exd5 {[%clk 1:31:56]} exd5 {[%clk 1:31:42]} 4. c4
{[%clk 1:32:24]} Nf6 {[%clk 1:31:49]} 5. Nc3 {[%clk 1:32:47]} Be7
{[%clk 1:31:23]} 6. Nf3 {[%clk 1:32:37]} Bg4 {[%clk 1:31:12]} 7. Qb3
{[%clk 1:31:35]} Nbd7 {[%clk 1:22:35]} 8. Qxb7 {[%clk 1:29:22]} dxc4
{[%clk 1:19:30]} 9. Bxc4 {[%clk 1:28:56]} O-O {[%clk 1:17:51]} 10. h3
{[%clk 1:28:27]} Bxf3 {[%clk 1:14:48]} 11. Qxf3 {[%clk 1:28:49]} Nb6
{[%clk 1:13:52]} 12. Qd3 {[%clk 1:28:38]} Nxc4 {[%clk 1:12:35]} 13. Qxc4
{[%clk 1:28:59]} Re8 {[%clk 1:12:42]} 14. O-O {[%clk 1:29:15]} h6
{[%clk 1:11:56]} 15. Bf4 {[%clk 1:28:36]} Bd6 {[%clk 1:11:03]} 16. Bxd6
{[%clk 1:28:54]} cxd6 {[%clk 1:11:07]} 17. Nb5 {[%clk 1:28:33]} Qb6
{[%clk 1:06:21]} 18. b3 {[%clk 1:24:11]} Rac8 {[%clk 1:02:29]} 19. Qd3
{[%clk 1:24:04]} a6 {[%clk 1:01:11]} 20. Nc3 {[%clk 1:23:55]} d5 {[%clk 1:00:53]}
21. Na4 {[%clk 1:23:12]} Qb5 {[%clk 0:57:04]} 22. Qxb5 {[%clk 1:23:33]} axb5
{[%clk 0:57:30]} 23. Nc5 {[%clk 1:23:58]} Rb8 {[%clk 0:56:05]} 24. b4
{[%clk 1:22:56]} Red8 {[%clk 0:53:46]} 25. Rfb1 {[%clk 1:21:43]} Ne8
{[%clk 0:51:13]} 26. a4 {[%clk 1:20:28]} bxa4 {[%clk 0:51:00]} 27. Rxa4
{[%clk 1:20:50]} Nd6 {[%clk 0:51:05]} 28. Na6 {[%clk 1:19:37]} Rb7
{[%clk 0:49:42]} 29. Nc5 {[%clk 1:17:50]} Rbb8 {[%clk 0:49:02]} 30. Ra2
{[%clk 1:14:58]} Nb5 {[%clk 0:47:36]} 31. Rd2 {[%clk 1:15:15]} Ra8
{[%clk 0:47:10]} 32. Rc1 {[%clk 1:12:57]} Rdc8 {[%clk 0:46:11]} 33. Re1
{[%clk 1:11:40]} Re8 {[%clk 0:44:21]} 34. Re3 {[%clk 1:08:28]} Nd6
{[%clk 0:41:46]} 35. Rde2 {[%clk 1:07:15]} Rab8 {[%clk 0:39:00]} 36. Rxe8+
{[%clk 1:05:59]} Nxe8 {[%clk 0:38:15]} 37. Nd7 {[%clk 1:05:28]} Rd8
{[%clk 0:38:06]} 38. Nb6 {[%clk 1:05:21]} Nf6 {[%clk 0:37:54]} 39. Re5
{[%clk 1:05:42]} Rb8 {[%clk 0:29:37]} 40. Nxd5 {[%clk 1:06:02]} Nxd5
{[%clk 0:30:01]} 41. Rxd5 {[%clk 1:06:27]} Rxb4 {[%clk 0:30:26]} 42. f4
{[%clk 1:06:21]} Kf8 {[%clk 0:30:18]} 43. Kf2 {[%clk 1:05:10]} Ke7
{[%clk 0:30:25]} 44. Kf3 {[%clk 1:03:49]} f6 {[%clk 0:29:22]} 45. f5
{[%clk 1:03:15]} Rb3+ {[%clk 0:29:00]} 46. Kg4 {[%clk 1:02:40]} Rb2
{[%clk 0:27:00]} 47. g3 {[%clk 1:01:57]} Rb3 {[%clk 0:26:37]} 48. h4
{[%clk 1:02:05]} Rc3 {[%clk 0:26:09]} 49. Rc5 {[%clk 1:02:27]} Rd3
{[%clk 0:26:07]} 50. Rc7+ {[%clk 1:02:49]} Kf8 {[%clk 0:26:08]} 51. Rd7
{[%clk 1:03:12]} Kg8 {[%clk 0:25:49]} 52. d5 {[%clk 1:03:31]} Kf8
{[%clk 0:26:05]} 53. d6 {[%clk 1:03:44]} h5+ {[%clk 0:25:03]} 54. Kxh5
{[%clk 1:03:45]} Rxg3 {[%clk 0:25:24]} 55. Ra7 {[%clk 1:04:08]} Rd3
{[%clk 0:24:35]} 56. d7 {[%clk 1:04:26]} 1-0